000 01045nam a22002777a 4500
003 URS
005 20250716104818.0
008 250716b |||||||| |||| 00| 0 eng d
020 _a978-0-19-905440-4
040 _bEnglish
_cURS
_erda
041 _aEnglish
050 0 0 _aLB1051
_b.D64 2014
100 _aDonald, David,
_eauthor.
_96236
245 1 0 _aEducational psychology in social context :
_becosystemic applications in Southern Africa /
_cDavid Donald, Sandy Lazarus and Nadeen Moolla.
250 _a5th edition.
264 1 _aSouth Africa :
_bOxford University Press,
_c©2014.
300 _axiv, 428 pages ;
_c24 cm.
336 _atext
_2rdacontent
_btxt
337 _aunmediated
_2rdamedia
_bn
338 _avolume
_2rdacarrier
_bnc
504 _aIncludes bibliographical references and index.
524 _aFetting M. (2016). Perspectives on substance use, disorders and addiction : with clinical cases. Los Angeles: SAGE.
700 _aLazarus, Sandy,
_eauthor.
_96237
700 _aMoolla, Nadeen,
_eauthor.
_96238
942 _2lcc
_cFR
999 _c83586
_d83585